000 00541nam a2200181 i 4500
001 32804
003 ES-MaACL
007 t|
008 030131s1973 sp ||||1| spa d
100 1 _aBermejo Barrera, José Carlos.
_928096
245 1 0 _aPsicoanálisis del conocimiento histórico /
_cJosé Carlos Bermejo Barrera.
260 _a[Madrid] :
_bAkal,
_c[1973]
300 _a180 p. ;
_c17 cm.
490 1 _aAkal bolsillo ;
_v87
830 0 0 _aAkal bolsillo
_v87
_9178001
852 _aES-MaACL
_jL-4044
_bR.104950
999 _c32804
_d32804